Wszystkie trofea Juventusu - Statystyki

Ogólne statystyki
  • Ten quiz został rozwiązany 56 razy
  • Średni wynik to 5 z 7
Statystyki odpowiedzi
Hint Odpowiedź % Poprawnych
Zebry mają na stanie 2 sztuki tego pucharu Liga Mistrzów
98%
W gablocie Juve jest 9 tych pucharów Puchar Włoch
96%
Juventus posiada 4 takie trofea Superpuchar Włoch
84%
Czarno-biali wygrali finał tego turnieju 3 razy Liga Europy
82%
Zdobył ten puchar aż 31 razy Mistrzostwo Włoch
76%
Turyńczycy sięgali po to trofeum również 2 razy Klubowe Mistrzostwa Świata
30%
Bianconeri zdobyli tą nagrodę 2 razy Superpuchar Europy
30%
Nie znaleziono quizów pasujących do podanych kryteriów
Rozkład punktacji
Procent ludzi z każdym wynikiem
Percentyl według liczby udzielonych odpowiedzi
Twoja historia wyników
Nie rozwiązałeś tego quizu